000 00490nam a2200181Ia 4500
999 _c36891
_d36891
003 OSt
005 20210125100657.0
008 190216s9999||||xx |||||||||||||| ||und||
020 _a9788174821720
040 _coclc
082 _a650.076
_bJAI/M
100 _aJain
_98403
245 0 _aMBA Admission Test /
_cJain ; Lal
260 _bUpkar Prakashan,
_c2008.
_aAgra:
300 _a650p
650 _aReferences
942 _cREF
_2ddc
_h650.076
_iJAI/M
_k650.076
_mJAI/M